Harcourt Math : (Record no. 112893)
[ view plain ]
| 000 -LEADER | |
|---|---|
| fixed length control field | 00588nam a2200265 a 4500 |
| 001 - CONTROL NUMBER | |
| control field | 3695 |
| 005 - DATE AND TIME OF LATEST TRANSACTION | |
| control field | 20140414131955.0 |
| 008 - FIXED-LENGTH DATA ELEMENTS--GENERAL INFORMATION | |
| fixed length control field | 061005s19uu xx 00 eng d |
| 020 ## - INTERNATIONAL STANDARD BOOK NUMBER | |
| International Standard Book Number | 0-15-320435-4 |
| 050 ## - LIBRARY OF CONGRESS CALL NUMBER | |
| Classification number | TR 372.7 |
| Item number | Ma42G1 |
| 245 ## - TITLE STATEMENT | |
| Title | Harcourt Math : |
| Remainder of title | practice workbook. |
| 250 ## - EDITION STATEMENT | |
| Edition statement | pupil edition |
| 260 ## - PUBLICATION, DISTRIBUTION, ETC. (IMPRINT) | |
| Place of publication, distribution, etc | U. S. A : |
| Name of publisher, distributor, etc | Harcourt. |
| 300 ## - PHYSICAL DESCRIPTION | |
| Extent | 145 p. ; cm. |
| Withdrawn status | Lost status | Damaged status | Use restrictions | Home library | Current library | Shelving location | Date acquired | Source of acquisition | Total Checkouts | Full call number | Barcode | Date last seen | Price effective from | Koha item type |
|---|---|---|---|---|---|---|---|---|---|---|---|---|---|---|
| Munich Library | Munich Library | Teachers Reference Section | 10/05/2006 | TR 372.7 Ma42G1 | M4307 | 04/14/2014 | 04/14/2014 | Books | ||||||
| Munich Library | Munich Library | Teachers Reference Section | 10/26/2006 | TR 372.7 Ma42G1 | M4294 | 04/14/2014 | 04/14/2014 | Books | ||||||
| Munich Library | Munich Library | Teachers Reference Section | 10/05/2006 | TR 372.7 Ma42G1 | M4310 | 04/14/2014 | 04/14/2014 | Books | ||||||
| Munich Library | Munich Library | Teachers Reference Section | 10/05/2006 | TR 372.7 Ma42G1 | M4312 | 04/14/2014 | 04/14/2014 | Books | ||||||
| Munich Library | Munich Library | Teachers Reference Section | 10/05/2006 | TR 372.7 Ma42G1 | M4308 | 04/14/2014 | 04/14/2014 | Books | ||||||
| Munich Library | Munich Library | Teachers Reference Section | 10/05/2006 | TR 372.7 Ma42G1 | M4311 | 04/14/2014 | 04/14/2014 | Books | ||||||
| Munich Library | Munich Library | Teachers Reference Section | 10/05/2006 | TR 372.7 Ma42G1 | M4309 | 04/14/2014 | 04/14/2014 | Books | ||||||
| Munich Library | Munich Library | Teachers Reference Section | 10/05/2006 | TR 372.7 Ma42G1 | M4306 | 04/14/2014 | 04/14/2014 | Books | ||||||
| Munich Library | Munich Library | Teachers Reference Section | 02/05/2011 | TR 372.7 Ma42G1 | M4293 | 04/14/2014 | 04/14/2014 | Books | ||||||
| Munich Library | Munich Library | Teachers Reference Section | 02/16/2011 | TR 372.7 Ma42G1 | M4594 | 04/14/2014 | 04/14/2014 | Books |